| 000 | 00988cam a22002773a 4500 | ||
|---|---|---|---|
| 001 | 25952 | ||
| 003 | PGUSA | ||
| 005 | 20140828083546.0 | ||
| 008 | 080702s2008||||xxu|||||s|||||000 | eng d | ||
| 040 |
_aPGUSA _beng |
||
| 042 | _adc | ||
| 050 | 4 | _aAP | |
| 050 | 4 | _aDA | |
| 245 | 1 | 4 |
_aThe Celtic Magazine, Vol. 1, No. 1, November 1875 : _bA Monthly Periodical Devoted to the Literature, History, Antiquities, Folk Lore, Traditions, and the Social and Material Interests of the Celt at Home and Abroad. _h[electronic resource] / _cVarious |
| 260 |
_bProject Gutenberg, _c2008 |
||
| 506 | _aPublic domain in the USA. | ||
| 516 | _aElectronic text | ||
| 653 | _aClans -- Scotland -- Periodicals | ||
| 653 | _aScotland -- Periodicals | ||
| 700 | 1 |
_aMacbain, Alexander, _d1855-1907 |
|
| 700 | 1 |
_aMacgregor, Alexander, _d1806-1881 |
|
| 700 | 1 |
_aMackenzie, Alexander, _d1838-1898 |
|
| 830 | 0 |
_aProject Gutenberg _v25952 |
|
| 856 | 4 | 0 | _uhttp://www.gutenberg.org/ebooks/25952 |
| 942 | _cEB | ||
| 999 |
_c255207 _d255207 |
||